Top 10 maata sotien mukaan - Statistics

Yleistilastot
  • Tätä visaa on pelattu 50 kertaa
  • Keskiarvotulos 5 / 10
Vastaustilastot
Hint Vastaus % Oikein
101 Yhdysvallat
95%
250+ Ranska
68%
104 Iran
61%
300+ Espanja
59%
180 Iso-Britannia
52%
115 Puola
45%
148 Intia
41%
115 Itävalta
25%
190 Unkari
23%
110 Filippiinit
9%
Ehtoja vastaavia visoja ei löytynyt
Tulosjakauma
Jokaisen tuloksen saaneiden osuus
Persentiili vastausten määrän mukaan
Tuloshistoriasi
Et ole pelannut tätä visaa